In memoriam Csáki Imre (1936-2005)
Elmentve itt :
| Dokumentumtípus: | Cikk |
|---|---|
| Megjelent: |
2005-06-07
|
| Sorozat: | Délmagyarország
95 No. 131 |
| Kulcsszavak: | Csáki Imre 1936-2005, Hódmezővásárhely, Főiskolai tanár Hódmezővásárhely, Nekrológ |
| Online Access: | http://dmarchiv.bibl.u-szeged.hu/134810 |
| LEADER | 00487nab a2200145 i 4500 | ||
|---|---|---|---|
| 001 | delm134810 | ||
| 005 | 20191204122347.0 | ||
| 008 | 191204s2005 hu o 0|| hun d | ||
| 040 | |a SZTE Délmagyarország Archívum |b hun | ||
| 041 | |a hun | ||
| 245 | 0 | 3 | |a In memoriam Csáki Imre (1936-2005) |h [elektronikus dokumentum] |
| 260 | |c 2005-06-07 | ||
| 300 | |a 10 | ||
| 490 | 0 | |a Délmagyarország |v 95 No. 131 | |
| 695 | |a Csáki Imre 1936-2005, Hódmezővásárhely, Főiskolai tanár Hódmezővásárhely, Nekrológ | ||